|
|
|
|
| LEADER |
02067ncm a2200541 a 4500 |
| 001 |
nkc20142567310 |
| 003 |
CZ PrNK |
| 005 |
20140430074710.0 |
| 007 |
qu |
| 008 |
140307s2013 xr coaeg nn zxx |
| 015 |
|
|
|a cnb002567310
|
| 024 |
2 |
|
|a 979-0-2601-0708-3
|q (brož.)
|
| 028 |
2 |
1 |
|a H 7528
|b Bärenreiter
|
| 040 |
|
|
|a ABA001
|b cze
|
| 041 |
0 |
|
|g cze
|g ger
|g eng
|
| 043 |
|
|
|a e-xr---
|
| 045 |
|
|
|a x-y-
|
| 048 |
|
|
|a sb01
|a ka01
|
| 072 |
|
7 |
|a 785
|x Instrumentální hudba. Symfonická hudba. Hudba pro více nástrojů
|2 Konspekt
|9 9
|
| 080 |
|
|
|a 785.7
|2 MRF
|
| 080 |
|
|
|a 785.72
|2 MRF
|
| 080 |
|
|
|a 78.089.6.087
|2 MRF
|
| 100 |
1 |
|
|a Feld, Jindřich,
|d 1925-2007
|7 jn19990209179
|4 cmp
|
| 240 |
1 |
0 |
|a Koncertantní hudba,
|m viola, klavír
|7 aun2008468651
|
| 245 |
1 |
0 |
|a Koncertantní hudba pro violu a klavír
|h [hudebnina] =
|b Konzertante Musik für Viola und Klavier = Concertante music for viola and piano /
|c Jindřich Feld
|
| 250 |
|
|
|a 2. vyd., (V nakladatelství Bärenreiter Praha vyd. 1.)
|
| 260 |
|
|
|a Praha :
|b Bärenreiter,
|c 2013
|
| 300 |
|
|
|a 1 partitura (v, 20 s.) + 1 hlas ;
|c 31 cm
|
| 382 |
0 |
1 |
|a viola
|n 1
|a klavír
|n 1
|s 2
|
| 546 |
|
|
|a Úvodní text česky, německy, anglicky
|
| 648 |
|
7 |
|a 20.-21. století
|7 ch462155
|2 czenas
|
| 650 |
0 |
7 |
|a komorní hudba
|7 ph121752
|z Česko
|y 20.-21. století
|2 czenas
|
| 650 |
0 |
7 |
|a dua
|7 ph254871
|2 czenas
|
| 650 |
0 |
9 |
|a chamber music
|z Czechia
|y 20th-21st centuries
|2 eczenas
|
| 650 |
0 |
9 |
|a duos
|2 eczenas
|
| 655 |
|
7 |
|a komorní hudba
|7 fd979994
|2 czenas
|
| 655 |
|
7 |
|a dua
|7 fd979995
|2 czenas
|
| 655 |
|
7 |
|a partitury a hlasy
|7 fd186702
|2 czenas
|
| 655 |
|
9 |
|a chamber music
|2 eczenas
|
| 655 |
|
9 |
|a duos
|2 eczenas
|
| 655 |
|
9 |
|a scores and parts
|2 eczenas
|
| 910 |
2 |
|
|a BOA001
|b Mus4-1320.353
|
| 990 |
|
|
|a MU
|
| 995 |
|
|
|a 01
|
| 991 |
|
|
|b 201403
|c NOV
|
| 925 |
|
|
|a viola, klavír
|b Vla, Pf
|
| 996 |
6 |
|
|b 2610581922
|c Mus4-1320.353
|l MZK
|r Sklad / do 1 hodiny
|n 0
|p p.v.
|w 001402376
|u 000010
|a 1
|e BOA001
|j MZK50
|s P
|
| 996 |
7 |
|
|b 2610590639
|c Mus4-1320.353
|l MZK
|r Sklad / do 1 hodiny
|n 0
|p kup
|w 001402376
|u 000020
|a 1
|e BOA001
|j MZK50
|s A
|